Nazwy wszystkich państw w ich ojczystym języku (z transkrypcją) - Statystyki

Ogólne statystyki
  • Ten quiz został rozwiązany 43 razy
  • Średni wynik to 124 z 196
Statystyki odpowiedzi
Nazwa w języku ojczystym Nazwa polska % Poprawnych
Italia Włochy
97%
Zambia Zambia
97%
Australia Australia
79%
Dominica Dominika
79%
France Francja
79%
Canada Kanada
79%
Deutschland Niemcy
79%
Panamá Panama
79%
Rwanda Rwanda
79%
Slovenija Słowenia
79%
Andorra Andora
76%
Босна и Херцеговина (Bosna i Hercegovina) Bośnia i Hercegowina
76%
بروني (Brunei) Brunei
76%
Jamhuri ya Kidemokrasia ya Kongo Demokratyczna Republika Konga
76%
Ecuador Ekwador
76%
eSwatini Eswatini
76%
Guinea Ecuatorial Gwinea Równikowa
76%
Nederlân Holandia
76%
Ísland Islandia
76%
Kenya Kenia
76%
Liberia Liberia
76%
Lietuva Litwa
76%
Северна Македонија (Severna Makedonija) Macedonia Północna
76%
Malta Malta
76%
ᠮᠤᠩᠭᠤᠯ ᠤᠯᠤᠰ (Mongol Uls) Mongolia
76%
San Marino San Marino
76%
Србија (Srbija) Serbia
76%
Türkiye Turcja
76%
Uganda Uganda
76%
Ўзбекистон (O‘zbekiston) Uzbekistan
76%
Venezuela Wenezuela
76%
Việt Nam Wietnam
76%
Solomon Aelan Wyspy Salomona
76%
افغانستان (Afġānistān) Afganistan
74%
Antigua and Barbuda Antigua i Barbuda
74%
Argentina Argentyna
74%
Azərbaycan Azerbejdżan
74%
বাংলাদেশ (Bānglādesh) Bangladesz
74%
Belgique Belgia
74%
Belize Belize
74%
Bénin Benin
74%
Беларусь (Bielaruś) Białoruś
74%
Botswana Botswana
74%
Hrvatska Chorwacja
74%
República Dominicana Dominikana
74%
Ελλάδα (Ellada) Grecja
74%
ایران (Īrān) Iran
74%
Cameroun Kamerun
74%
Cuba Kuba
74%
Mali Mali
74%
Namibië Namibia
74%
Niger Niger
74%
Nicaragua Nikaragua
74%
Portugal Portugalia
74%
Россия (Rossiya) Rosja
74%
El Salvador Salwador
74%
Sierra Leone Sierra Leone
74%
Slovensko Słowacja
74%
Україна (Ukrajina) Ukraina
74%
Uruguay Urugwaj
74%
Vanuatu Vanuatu
74%
Magyarország Węgry
74%
Côte d'Ivoire Wybrzeże Kości Słoniowej
74%
São Tomé e Príncipe Wyspy Świętego Tomasza i Książęca
74%
Zimbabwe Zimbabwe
74%
Ngola Angola
71%
المملكة العربية السعودية (Al-Mamlaka Al-‘Arabiyyah as Sa‘ūdiyyah) Arabia Saudyjska
71%
Österreich Austria
71%
Κύπρος (Kypros) Cypr
71%
Црна Гора (Crna Gora) Czarnogóra
71%
Česko Czechy
71%
Suomi Finlandia
71%
Gaana Ghana
71%
Guyana Gujana
71%
Guatemala Gwatemala
71%
España Hiszpania
71%
Honduras Honduras
71%
عێراق (Êraq) Irak
71%
ישראל (Yisra'el) Izrael
71%
قطر (Qaṭar) Katar
71%
Қазақстан (Qazaqstan) Kazachstan
71%
Kiribati Kiribati
71%
ປະເທດລາວ (Lao) Laos
71%
Liechtenstein Liechtenstein
71%
Madagasikara Madagaskar
71%
Malaysia Malezja
71%
Federated States of Micronesia Mikronezja
71%
Moçambique Mozambik
71%
عُمان (‘Umān) Oman
71%
Polska Polska
71%
Saint Kitts and Nevis Saint Kitts i Nevis
71%
Sāmoa Samoa
71%
Sesel Seszele
71%
السودان (As-Sudan) Sudan
71%
Suriname Surinam
71%
Schweiz Szwajcaria
71%
Тоҷикистон (Tojikistan) Tadżykistan
71%
Togo Togo
71%
Tonga Tonga
71%
Türkmenistan Turkmenistan
71%
Tuvalu Tuvalu
71%
Chile Chile
68%
Danmark Dania
68%
Colombia Kolumbia
68%
Republíki ya Kongó Kongo
68%
Kosova Kosowo
68%
Malaŵi Malawi
68%
Mēxihco Meksyk
68%
Moldova Mołdawia
68%
नेपाल (Nepāl) Nepal
68%
România Rumunia
68%
Senegaal Senegal
68%
ශ්‍රී ලංකාව (Sri Lankā) Sri Lanka
68%
Sverige Szwecja
68%
ราชอาณาจักรไทย (Ratcha-anachak Thai) Tajlandia
68%
Tanzania Tanzania
68%
Timor Lorosa'e Timor Wschodni
68%
تونس (Tūns) Tunezja
68%
The Bahamas Bahamy
65%
България (Bălgarija) Bułgaria
65%
Burkina Faso Burkina Faso
65%
Pilipinas Filipiny
65%
The Gambia Gambia
65%
Grenada Grenada
65%
Guiné-Bissau Gwinea Bissau
65%
Jamaica Jamajka
65%
日本 (Nippon) Japonia
65%
اليمن (Al-Yaman) Jemen
65%
Кыргызстан (Kyrgyzstan) Kirgistan
65%
الكويت (il-ikwet) Kuwejt
65%
Lesotho Lesotho
65%
لبنان (Lubnān) Liban
65%
Latvija Łotwa
65%
Paraguái Paragwaj
65%
Soomaaliya Somalia
65%
中国 (Zhōngguó) Chiny
62%
Indonesia Indonezja
62%
Éire Irlandia
62%
Lëtzebuerg Luksemburg
62%
موريتانيا (Mūrītānyā) Mauretania
62%
پاکستان (Pākistān) Pakistan
62%
Papua Niugini Papua-Nowa Gwinea
62%
Cabo Verde Republika Zielonego Przylądka
62%
Saint Lucia Saint Lucia
62%
Uburundi Burundi
59%
Eesti Estonia
59%
ኢትዮጵያ (Ityop'ia) Etiopia
59%
Costa Rica Kostaryka
59%
မြန်မာ (Myanma) Mjanma
59%
Saint Vincent and the Grenadines Saint Vincent i Grenadyny
59%
Civitas Vaticana Watykan
59%
تشاد (Tšād) Czad
56%
République gabonaise Gabon
56%
საქართველო (Sakartvelo) Gruzja
56%
Shqipëria Albania
53%
البحرين (Al-Baḥrayn) Bahrajn
53%
Barbados Barbados
53%
Brasil Brazylia
53%
Jabuuti Dżibuti
53%
ⵍⵉⴱⵢⴰ (Libya) Libia
53%
Norge Norwegia
53%
سورية (Suriyah) Syria
53%
Trinidad and Tobago Trynidad i Tobago
53%
កម្ពុជា (Kămpŭchéa) Kambodża
50%
조선 (Chosŏn) Korea Północna
50%
한국 (Hanguk) Korea Południowa
50%
Naoero Nauru
50%
Afurika Tshipembe Republika Południowej Afryki
50%
ኤርትራ (Ertra) Erytrea
47%
中華民國 (Zhōnghuá Mínguó) Tajwan
47%
الإمارات العربيّة المتّحدة (Al-’Imārat Al-‘Arabiyyah Al-Muttaḥidah) Zjednoczone Emiraty Arabskie
47%
Ayiti Haiti
44%
Հայաստան (Hayastán) Armenia
38%
Gine Gwinea
38%
Belau Palau
38%
Bêafrîka Republika Środkowoafrykańska
38%
འབྲུག་ཡུལ (Druk Yul) Bhutan
35%
المغرب (Al-maɣréb) Maroko
35%
Aotearoa Nowa Zelandia
35%
Wuliwya Boliwia
32%
भारत (Bhārat) Indie
32%
Piruw Peru
32%
ދިވެހިރާއްޖެ (Dhivehi Raajje) Malediwy
29%
Naìjíríyà Nigeria
29%
Paguot Thudän Sudan Południowy
29%
مصر (Misr) Egipt
26%
Moris Mauritius
26%
الأردن (Al-’Urdun) Jordania
24%
新加坡 (Xīnjiāpō) Singapur
24%
الجزائر (Al-Jazā'ir) Algieria
21%
Viti Fidżi
21%
‘Amelika Hui Pū ‘ia Stany Zjednoczone
18%
Aorōkin Ṃajeḷ Wyspy Marshalla
18%
Y Deyrnas Unedig Wielka Brytania
12%
جزر القمر (Juzur al-Qamar) Komory
9%
Múnegu Monako
9%
Nie znaleziono quizów pasujących do podanych kryteriów
Rozkład punktacji
Procent ludzi z każdym wynikiem
Percentyl według liczby udzielonych odpowiedzi
Twoja historia wyników
Nie rozwiązałeś tego quizu